000 005720000a22001690004500
090 _aAR
_b00775
245 1 0 _aTaxonomic studies in the Miconieae (<Melastomataceae>). IV. generic realignments among terminal-flowered taxa
650 1 4 _aTaxonomía vegetal
_992262
650 1 4 _aBotánica
_9361
650 1 4 _aMorfología floral
_993962
653 _fMelastomataceae
041 0 _aInglés
700 1 _aSkean Jr., James D.
_917976
100 1 _aJudd, Walter S.
_912376
942 _cARTICULO
773 1 _tBulletin Florida Museum Natural History Science
_3293
_h2
_q25-31
_d1991
_g36
999 _c9866
_d9866